| 000 | 00509nam a22001697a 4500 | ||
|---|---|---|---|
| 999 |
_c8341 _d8341 |
||
| 008 | 201113b ||||| |||| 00| 0 eng d | ||
| 040 | _aBMS College of Architecture | ||
| 100 | _aRajeaswar, Lakshmi Sai Prakashini | ||
| 245 | _aWay-fare-R | ||
| 300 | _aNA | ||
| 500 | _a1BM15AT043 | ||
| 502 |
_8B,Arch _NBMS College of Architecture, Visvesvaraya Technological University (VTU) _aProject report _d2019 |
||
| 650 | _aNA | ||
| 700 |
_aSanal Suresh _eGuide |
||
| 700 |
_aMamtha Verma _eGuide |
||
| 942 |
_2ddc _cTHE |
||